|
|
|
|
| LEADER |
01403nam a2200373 a 4500 |
| 001 |
EBC1244714 |
| 003 |
MiAaPQ |
| 005 |
20200520144314.0 |
| 006 |
m o d | |
| 007 |
cr cn||||||||| |
| 008 |
130715s2013 enk s 001 0 eng d |
| 020 |
|
|
|z 9780415817868
|
| 020 |
|
|
|a 9780203583258 (electronic bk.)
|
| 035 |
|
|
|a (MiAaPQ)EBC1244714
|
| 035 |
|
|
|a (Au-PeEL)EBL1244714
|
| 035 |
|
|
|a (CaPaEBR)ebr10728299
|
| 035 |
|
|
|a (CaONFJC)MIL502823
|
| 035 |
|
|
|a (OCoLC)851695352
|
| 040 |
|
|
|a MiAaPQ
|c MiAaPQ
|d MiAaPQ
|
| 050 |
|
4 |
|a HF5821
|b .T27 2013
|
| 082 |
0 |
4 |
|a 659.101
|2 23
|
| 100 |
1 |
|
|a Taplin, Walter.
|
| 245 |
1 |
0 |
|a Advertising
|h [electronic resource] .
|n Volume 5
|b a new approach /
|c Walter Taplin.
|
| 260 |
|
|
|a London ;
|a New York :
|b Routledge,
|c 2013.
|
| 300 |
|
|
|a 1 online resource (208 p.).
|
| 490 |
0 |
|
|a Routledge Library Editions: Advertising
|
| 500 |
|
|
|a "First published in 1960"--T.p. verso.
|
| 500 |
|
|
|a Includes index.
|
| 533 |
|
|
|a Electronic reproduction. Ann Arbor, MI : ProQuest, 2015. Available via World Wide Web. Access may be limited to ProQuest affiliated libraries.
|
| 588 |
|
|
|a Description based on online resource; title from title page (ebrary, viewed July 15, 2013).
|
| 650 |
|
0 |
|a Advertising.
|
| 655 |
|
4 |
|a Electronic books.
|
| 710 |
2 |
|
|a ProQuest (Firm)
|
| 856 |
4 |
0 |
|u https://ebookcentral.proquest.com/lib/matrademy/detail.action?docID=1244714
|z Click to View
|